00289nam a22001097a 4500003000400000020002200004082001500026100004700041245005000088260003300138300000800171SGT a978-93-89484-09-0 a362.1bMAT aमटानिया, अराधना  aपरिवार और समुदाय  aDELHI bKANISHKA PUB. c2022 a181